| 000 | 01036nam a22002295i 4500 | ||
|---|---|---|---|
| 001 | 164165 | ||
| 003 | ES-MaACL | ||
| 005 | 20250724075216.0 | ||
| 008 | 991006s1867 sp |||| | spa d | ||
| 080 | _a528.2 | ||
| 100 | 1 |
_aRuiz de Salazar, Emilio. _9132185 |
|
| 245 | 1 | 0 |
_aPrograma de las lecciones de geodesia explicadas durante el curso de 1866 a 1867 / _cpor Emilio Ruiz de Salazar. |
| 260 |
_aMadrid : _b[s.n.], _c1867 ( _fImp. de Santiago Aguado) |
||
| 300 |
_a44 p., [1] h. pleg. ; _c23 cm. |
||
| 594 | _aPrecede al tít.: Facultad de Ciencias, 1ª Sección de Exactas, período de la licenciatura. | ||
| 599 | _a"Exposición sinóptica de la geomorfia terrestre" | ||
| 650 | 7 |
_aGeodesia _2embne _913068 |
|
| 710 | 2 |
_aUniversidad Central (Madrid). _bFacultad de Ciencias. _97088 |
|
| 852 | 4 |
_aES-MaACL _jT-157-F-3 _z- Enc. hol., falto de cub. original _z- Enc. en un vol. facticio |
|
| 852 | 4 |
_aES-MaACL _jT-85-F-9 _z- Enc. hol., falto de cub. original _z- Enc. en un vol. facticio |
|
| 999 |
_c164165 _d164165 |
||